000 00576nam a2200217 a 4500
005 20210219160200.0
008 080923s2000 mx r 000 0 spa d
020 _a9681601858
035 _aUPN01000160313
049 _aUNE
080 _a008(85) ORT
100 1 _aOrtega, Julio
245 1 3 _aLa Cultura Peruana: Experiencia y conciencia
260 _aMéxico : Fondo de Cultura Económica, 1978.
300 _a138 p.
440 0 _aTierra Firme
690 _aCultura- Peru
690 _aPeru- Cultura
710 2 _aFondo de Cultura Económica
905 _aUNESCO
999 _c132427
_d132427